地方裁判所の本庁及び支部 - Statistics

General Stats
  • This quiz has been taken 15 times
  • The average score is 128 of 253
Answer Stats
Answer % Correct
札幌
100%
函館
100%
旭川
100%
釧路
100%
北見
100%
小樽
91%
苫小牧
91%
稚内
91%
帯広
91%
青森
91%
弘前
91%
八戸
91%
盛岡
91%
岩見沢
82%
室蘭
82%
根室
82%
花巻
82%
秋田
82%
山形
82%
米沢
82%
福島
82%
会津若松
82%
いわき
82%
宇都宮
82%
前橋
82%
高崎
82%
東京
82%
網走
73%
十和田
73%
一関
73%
仙台
73%
石巻
73%
横手
73%
郡山
73%
白河
73%
水戸
73%
土浦
73%
日立
73%
足利
73%
桐生
73%
太田
73%
さいたま
73%
熊谷
73%
千葉
73%
松戸
73%
73%
伊勢
73%
大津
73%
滝川
64%
名寄
64%
留萌
64%
古川
64%
大館
64%
大曲
64%
新庄
64%
鶴岡
64%
酒田
64%
栃木
64%
越谷
64%
川越
64%
秩父
64%
佐倉
64%
木更津
64%
館山
64%
佐原
64%
立川
64%
横浜
64%
川崎
64%
新潟
64%
長岡
64%
福井
64%
長野
64%
京都
64%
紋別
55%
五所川原
55%
二戸
55%
遠野
55%
宮古
55%
気仙沼
55%
能代
55%
沼田
55%
一宮
55%
相模原
55%
小田原
55%
三条
55%
富山
55%
金沢
55%
敦賀
55%
甲府
55%
松本
55%
岐阜
55%
静岡
55%
名古屋
55%
彦根
55%
大阪
55%
神戸
55%
和歌山
55%
鳥取
55%
松江
55%
岡山
55%
広島
55%
山口
55%
徳島
55%
高松
55%
高知
55%
福岡
55%
佐賀
55%
長崎
55%
熊本
55%
大分
55%
宮崎
55%
鹿児島
55%
那覇
55%
岩内
45%
江差
45%
水沢
45%
登米
45%
本荘
45%
相馬
45%
横須賀
45%
高田
45%
佐渡
45%
高岡
45%
小松
45%
七尾
45%
輪島
45%
諏訪
45%
飯田
45%
伊那
45%
高山
45%
沼津
45%
富士
45%
下田
45%
浜松
45%
掛川
45%
岡崎
45%
豊橋
45%
松阪
45%
四日市
45%
熊野
45%
長浜
45%
舞鶴
45%
福知山
45%
明石
45%
姫路
45%
洲本
45%
倉吉
45%
米子
45%
出雲
45%
益田
45%
倉敷
45%
津山
45%
尾道
45%
福山
45%
三次
45%
岩国
45%
下関
45%
宇部
45%
阿南
45%
松山
45%
西条
45%
宇和島
45%
直方
45%
久留米
45%
大牟田
45%
小倉
45%
唐津
45%
佐世保
45%
阿蘇
45%
八代
45%
佐伯
45%
都城
45%
延岡
45%
鹿屋
45%
名護
45%
石垣
45%
浦河
36%
大河原
36%
下妻
36%
真岡
36%
大田原
36%
魚津
36%
武生
36%
都留
36%
上田
36%
大垣
36%
多治見
36%
伊賀
36%
園部
36%
36%
岸和田
36%
豊岡
36%
奈良
36%
五條
36%
田辺
36%
新宮
36%
浜田
36%
新見
36%
36%
36%
丸亀
36%
観音寺
36%
今治
36%
須崎
36%
安芸
36%
中村
36%
飯塚
36%
行橋
36%
武雄
36%
大村
36%
島原
36%
五島
36%
厳原
36%
玉名
36%
人吉
36%
天草
36%
中津
36%
川内
36%
沖縄
36%
八日市場
27%
新発田
27%
佐久
27%
半田
27%
宮津
27%
伊丹
27%
尼崎
27%
周南
27%
大洲
27%
柳川
27%
壱岐
27%
山鹿
27%
杵築
27%
日田
27%
日南
27%
名瀬
27%
龍ケ崎
18%
麻生
18%
御坊
18%
美馬
18%
田川
18%
平戸
18%
竹田
18%
平良
18%
柏原
9%
9%
龍野
9%
西郷
9%
加治木
9%
知覧
9%
御嵩
0%
葛城
0%
八女
0%
No matching quizzes found
Score Distribution
Percent of People with Each Score
Percentile by Number Answered
Your Score History
You have not taken this quiz